Design of Jigs, Fixtures and Press Tools / (Record no. 166469)
[ view plain ]
| 000 -LEADER | |
|---|---|
| fixed length control field | 00679nam a22002057a 4500 |
| 010 ## - LCCN (DPL NO) | |
| LC control number | ENG-126069 |
| 020 ## - INTERNATIONAL STANDARD BOOK NUMBER | |
| International Standard Book Number | 978-93-8472-665-2 |
| Terms of availability | 1295.00 |
| 035 ## - SYSTEM CONTROL NUMBER | |
| System control number | EN-109601 |
| 037 ## - SOURCE OF ACQUISITION | |
| Source of stock number/acquisition | DBAD?PUB |
| 082 ## - DEWEY DECIMAL CLASSIFICATION NUMBER | |
| Classification number | 621.992 |
| 100 ## - MAIN ENTRY--PERSONAL NAME | |
| Personal name | Venkataraman,K. |
| 245 ## - TITLE STATEMENT | |
| Title | Design of Jigs, Fixtures and Press Tools / |
| Statement of responsibility, etc | byK.Venkataraman |
| 250 ## - EDITION STATEMENT | |
| Edition statement | Second Edition |
| Remainder of edition statement | K.Venkataraman |
| 260 ## - PUBLICATION, DISTRIBUTION, ETC. (IMPRINT) | |
| Place of publication, distribution, etc | New Delhi |
| Name of publisher, distributor, etc | Ane Books Pvt. Ltd. |
| Date of publication, distribution, etc | 2018 |
| 270 ## - ADDRESS | |
| Address | 4821, Parwana Bhawan, 1st floor, 24 Ansari Road, Darya Ganj. |
| 300 ## - PHYSICAL DESCRIPTION | |
| Extent | various pages |
| Dimensions | 25cm (hb) |
| 500 ## - GENERAL NOTE | |
| General note | its includes index and bibliography |
| 700 ## - ADDED ENTRY--PERSONAL NAME | |
| Personal name | K.Venkataraman |
| 942 ## - ADDED ENTRY ELEMENTS (KOHA) | |
| Source of classification or shelving scheme | Dewey Decimal Classification |
| Item type | English Books |
| Edition | Second |
| Classification part | 621.992 |
| Call number suffix | VEN |
| Withdrawn status | Lost status | Not for loan | Collection code | Home library | Current library | Date acquired | Source of acquisition | Cost, normal purchase price | Full call number | Barcode | Copy number | Cost, replacement price | Koha item type |
|---|---|---|---|---|---|---|---|---|---|---|---|---|---|
| Non-fiction | Shahdara Branch | Shahdara Branch | 24/07/2019 | DBAD/PUB | 1295.00 | 621.992 VEN | EN-109601 | 1 | 1295.00 | English Books |
